Μελέτη και ανάπτυξη πληροφοριακού συστήματος ηλεκτρονικής διαχείρισης και ανταλλαγής πληροφοριών στη Ναυτιλία : μεταπτυχιακή εργασία
Saved in:
| Main Author: | |
|---|---|
| Corporate Author: | |
| Other Authors: | |
| Format: | Thesis Book |
| Language: | Greek |
| Published: |
2002
|
| Subjects: | |
| Tags: |
Add Tag
No Tags, Be the first to tag this record!
|
MARC
| LEADER | 00000cam a2200000 i 4500 | ||
|---|---|---|---|
| 001 | 1/30401 | ||
| 008 | 030109s2002 gre d | ||
| 035 | |l 10068973 | ||
| 040 | |a GR-MY-UA |b gre |e aacr | ||
| 041 | 0 | |a gre | |
| 082 | 0 | |a 387.0068 |2 (22) | |
| 100 | 1 | |a Συρρής, Ιωάννης. | |
| 245 | 1 | 0 | |a Μελέτη και ανάπτυξη πληροφοριακού συστήματος ηλεκτρονικής διαχείρισης και ανταλλαγής πληροφοριών στη Ναυτιλία : |b μεταπτυχιακή εργασία / |c Συρρής Ιωάννης ; επιβλέπων: Νικήτας Νικητάκος |
| 260 | |c 2002 | ||
| 300 | |a 49 σ.; |b εικ.; |c 30 εκ. | ||
| 502 | # | # | |a Διατριβή (μεταπτυχιακή) – Πανεπιστήμιο Αιγαίου, Χίος, 2002. |
| 504 | |a Περιλαμβάνει βιβλιογραφία | ||
| 610 | 2 | 0 | |a Πανεπιστήμιο Αιγαίου. |
| 650 | 0 | 0 | |a Shipping |x Management. |
| 650 | 0 | 0 | |a Information storage and retrieval systems. |
| 650 | 0 | 0 | |a Dissertations, Academic |z Greece. |
| 700 | 1 | |4 ths |a Νικητάκος, Νικήτας. | |
| 710 | 1 | |a Πανεπιστήμιο Αιγαίου |b Σχολή Επιστημών της Διοίκησης |b Τμήμα Ναυτιλίας και Επιχειρηματικών Υπηρεσιών |b Πρόγραμμα Μεταπτυχιακών Σπουδών "Ναυτιλία, Μεταφορές και Διεθνές Εμπόριο - ΝΑ.Μ.Ε.". | |
| 852 | |a INST |b CHIOS |c DIATR |e 20030109 |h 387.0068 ΣΥΡ |p 005200013596 |q 005200013596 |t MTXE |y 23 | ||
| 901 | |a BIBL2-2003-1 | ||
| 909 | |a Χ |b 102633 | ||
| 924 | |a ΣΥΡΡΗΣ |b ΙΩΑΝΝΗΣ |y ΧΙΟΣ |z 2002-12 | ||
| 970 | |a ΧΑΖΙΡΗ |b ΑΝΝΑ |z 2003/01/09 | ||